<?xml version="1.0" encoding="UTF-8"?><?xml-stylesheet type="text/xsl" href="static/style.xsl"?><OAI-PMH xmlns="http://www.openarchives.org/OAI/2.0/" xmlns:xsi="http://www.w3.org/2001/XMLSchema-instance" xsi:schemaLocation="http://www.openarchives.org/OAI/2.0/ http://www.openarchives.org/OAI/2.0/OAI-PMH.xsd"><responseDate>2026-04-17T00:42:13Z</responseDate><request verb="GetRecord" identifier="oai:www.recercat.cat:2072/476783" metadataPrefix="marc">https://recercat.cat/oai/request</request><GetRecord><record><header><identifier>oai:recercat.cat:2072/476783</identifier><datestamp>2024-12-05T05:08:10Z</datestamp><setSpec>com_2072_98</setSpec><setSpec>col_2072_378192</setSpec></header><metadata><record xmlns="http://www.loc.gov/MARC21/slim" xmlns:dcterms="http://purl.org/dc/terms/" xmlns:xsi="http://www.w3.org/2001/XMLSchema-instance" xmlns:doc="http://www.lyncode.com/xoai" xsi:schemaLocation="http://www.loc.gov/MARC21/slim http://www.loc.gov/standards/marcxml/schema/MARC21slim.xsd">
   <leader>00925njm 22002777a 4500</leader>
   <datafield ind2=" " ind1=" " tag="042">
      <subfield code="a">dc</subfield>
   </datafield>
   <datafield ind2=" " ind1=" " tag="720">
      <subfield code="a">Toscano-Prat, Clara</subfield>
      <subfield code="e">author</subfield>
   </datafield>
   <datafield ind2=" " ind1=" " tag="720">
      <subfield code="a">Martínez-González, José Pablo</subfield>
      <subfield code="e">author</subfield>
   </datafield>
   <datafield ind2=" " ind1=" " tag="720">
      <subfield code="a">Guasch-Jiménez, Marina</subfield>
      <subfield code="e">author</subfield>
   </datafield>
   <datafield ind2=" " ind1=" " tag="720">
      <subfield code="a">Ramos-Pachón, Anna</subfield>
      <subfield code="e">author</subfield>
   </datafield>
   <datafield ind2=" " ind1=" " tag="720">
      <subfield code="a">Martí-Fàbregas, Joan</subfield>
      <subfield code="e">author</subfield>
   </datafield>
   <datafield ind2=" " ind1=" " tag="720">
      <subfield code="a">Blanco-Sanroman, Nerea</subfield>
      <subfield code="e">author</subfield>
   </datafield>
   <datafield ind2=" " ind1=" " tag="720">
      <subfield code="a">Coronel-Coronel, Melissa Fabiola</subfield>
      <subfield code="e">author</subfield>
   </datafield>
   <datafield ind2=" " ind1=" " tag="720">
      <subfield code="a">Domine, María Constanza</subfield>
      <subfield code="e">author</subfield>
   </datafield>
   <datafield ind2=" " ind1=" " tag="720">
      <subfield code="a">Martínez-Domeño, Alejandro</subfield>
      <subfield code="e">author</subfield>
   </datafield>
   <datafield ind2=" " ind1=" " tag="720">
      <subfield code="a">Prats-Sánchez, Luis Antonio</subfield>
      <subfield code="e">author</subfield>
   </datafield>
   <datafield ind2=" " ind1=" " tag="720">
      <subfield code="a">Marín-Bueno, Rebeca</subfield>
      <subfield code="e">author</subfield>
   </datafield>
   <datafield ind2=" " ind1=" " tag="720">
      <subfield code="a">Aguilera-Simón, Ana</subfield>
      <subfield code="e">author</subfield>
   </datafield>
   <datafield ind2=" " ind1=" " tag="720">
      <subfield code="a">Lambea-Gil, Álvaro</subfield>
      <subfield code="e">author</subfield>
   </datafield>
   <datafield ind2=" " ind1=" " tag="720">
      <subfield code="a">Ezcurra-Díaz, Garbiñe</subfield>
      <subfield code="e">author</subfield>
   </datafield>
   <datafield ind2=" " ind1=" " tag="720">
      <subfield code="a">Camps-Renom, Pol</subfield>
      <subfield code="e">author</subfield>
   </datafield>
   <datafield ind2=" " ind1=" " tag="720">
      <subfield code="a">Universitat Autònoma de Barcelona</subfield>
      <subfield code="e">author</subfield>
   </datafield>
   <datafield ind2=" " ind1=" " tag="260">
      <subfield code="c">2024</subfield>
   </datafield>
   <datafield ind2=" " ind1=" " tag="520">
      <subfield code="a">In patients with acute ischaemic stroke (AIS), haemorrhagic transformation (HT) following endovascular treatment (EVT) is associated with poor functional outcome. However, the impact of asymptomatic HT, not linked to neurological deterioration in the acute phase, is unknown. We aimed to investigate the impact of asymptomatic PH1 (aPH1) and PH2 (aPH2) subtypes of HT on the functional outcome of patients treated with EVT. We conducted a retrospective study of patients with AIS who were consecutively admitted to our comprehensive stroke centre between January 2019 and December 2022, and who underwent EVT. We collected clinical, radiological, and procedural data. HTs were categorized according to the Heidelberg classification. The primary outcome was the shift on the modified Rankin Scale (mRS) at 3 months of follow-up. We performed bivariate and multivariable ordinal regression analyses to test the association between aPH1/aPH2 and the primary outcome. We included 314 patients (mean age = 72.5 years [SD = 13.6], 171 [54.5%] women). We detected 54 (17.2%) patients with HT; 23 (7.3%) were classified as PH2 (11 asymptomatic) and 17 (5.4%) as PH1 (16 asymptomatic). The adjusted common odds ratio for aPH2 of worsening 1 point on the 3-month mRS was 3.32 (95% confidence interval = 1.16-9.57, p = 0.026). No association was observed for aPH1. aPH2 was also independently associated with lower odds of achieving a favourable outcome (mRS = 0-2). Neither aPH1 nor aPH2 was associated with mortality. In patients with AIS treated with EVT, aPH2 is independently associated with unfavourable functional outcome.</subfield>
   </datafield>
   <datafield tag="653" ind2=" " ind1=" ">
      <subfield code="a">Endovascular treatment</subfield>
   </datafield>
   <datafield tag="653" ind2=" " ind1=" ">
      <subfield code="a">Haemorrhagic transformation</subfield>
   </datafield>
   <datafield tag="653" ind2=" " ind1=" ">
      <subfield code="a">Outcome</subfield>
   </datafield>
   <datafield tag="653" ind2=" " ind1=" ">
      <subfield code="a">Stroke</subfield>
   </datafield>
   <datafield ind2="0" ind1="0" tag="245">
      <subfield code="a">Asymptomatic parenchymal haemorrhage following endovascular treatment : Impact on functional outcome in patients with acute ischaemic stroke</subfield>
   </datafield>
</record></metadata></record></GetRecord></OAI-PMH>